Cơ sở kĩ thuật điện

محفوظ في:
التفاصيل البيبلوغرافية
المؤلف الرئيسي: Hoàng Hữu Thận
التنسيق: كتاب
اللغة:Undetermined
منشور في: Hà Nội Công Nhân Kĩ Thuật 1980
الموضوعات:
الوسوم: إضافة وسم
لا توجد وسوم, كن أول من يضع وسما على هذه التسجيلة!
Thư viện lưu trữ: Trung tâm Học liệu Trường Đại học Cần Thơ
LEADER 00497nam a2200169Ia 4500
001 CTU_17773
008 210402s9999 xx 000 0 und d
082 |a 621.3 
082 |b Th121 
100 |a Hoàng Hữu Thận 
245 0 |a Cơ sở kĩ thuật điện 
245 0 |c Hoàng Hữu Thận 
260 |a Hà Nội 
260 |b Công Nhân Kĩ Thuật 
260 |c 1980 
650 |a electrical engineering 
980 |a Trung tâm Học liệu Trường Đại học Cần Thơ